| 000 | 00588nam a2200193Ia 4500 | ||
|---|---|---|---|
| 003 | GCL | ||
| 008 | 140319s9999 xx 000 0 ara d | ||
| 040 |
_aGCL / _cGCL |
||
| 082 | 0 | 4 |
_a953.09 _bه ت |
| 100 | 1 | _aهند فتال | |
| 245 | 1 | 0 |
_aتاريخ المجتمع العربى الحديث والمعاصر / _cهند فتال |
| 700 | 1 | _aرفيق سكرى | |
| 260 |
_a[S.N] : _bجروس برس ، _c1988 |
||
| 300 | _a397 ص | ||
| 490 | _a | ||
| 650 | 0 | 4 | _aالامبراطورية العثمانية |
| 650 | 0 | 4 | _aاستقلال البلاد العربية |
| 942 |
_2ddc _cBK |
||
| 999 |
_c53370 _d53370 |
||